000 00570nam a2200241Ia 4500
008 170203s9999 xx 000 0 und d
020 _a9789814361477
050 _a641.8652
050 _b.J86p 2012
100 _aJourdan, Andrea.
245 _aPies & quiches /
245 _cAndrea Jourdan.
260 _aSingapore :
260 _bMarshall Cavendish Cuisine,
260 _c2012
300 _a79 pages ;
300 _billustrations ;
300 _c17 cm.
440 _aMini cookbooks.
650 _aPies.
650 _aQuiches.
650 _xcooking.
999 _c305465
_d305465